| 000 | 00842cam a22002653a 4500 | ||
|---|---|---|---|
| 001 | 3826 | ||
| 003 | PGUSA | ||
| 005 | 20140828083039.0 | ||
| 008 | 030301s2003||||xxu|||||s|||||000 | eng d | ||
| 040 |
_aPGUSA _beng |
||
| 042 | _adc | ||
| 050 | 4 | _aF590.3 | |
| 100 | 1 |
_aTurner, Frederick Jackson, _d1861-1932 |
|
| 245 | 1 | 0 |
_aRise of the New West, 1819-1829 _h[electronic resource] / _cFrederick Jackson Turner |
| 260 |
_bProject Gutenberg, _c2003 |
||
| 506 | _aPublic domain in the USA. | ||
| 516 | _aElectronic text | ||
| 653 | _aOregon -- History -- To 1859 | ||
| 653 | _aUnited States -- Politics and government -- 1815-1861 | ||
| 653 | _aWest (U.S.) -- History | ||
| 653 | _aMississippi River Valley -- History -- 1803-1865 | ||
| 830 | 0 |
_aProject Gutenberg _v3826 |
|
| 856 | 4 | 0 | _uhttp://www.gutenberg.org/ebooks/3826 |
| 942 | _cEB | ||
| 999 |
_c233155 _d233155 |
||